African Cities more than 3.5 millions people - Sudden Death - Statistics

General Stats
  • This quiz has been taken 43 times
  • The average score is 5 of 25
Answers on the Grid
Answers color-coded by a green-red scale on the quiz's grid according to % correct below.
Johannesburg
Khartoum
Lagos
Cape Town
Nairobi
Luanda
Cairo
Kinshasa
Dar Es Salaam
Abidjan
Addis-Ababa
Alexandria
Yaoundé
Kano
Ibadan
Abuja
Douala
Kampala
Ekurhuleni
Antananarivo
Kumasi
Casablanca
Port Harcourt
Dakar
Ouagadougou
Lusaka
Accra
Mbuji mayi
Lubumbashi
Durban
Brazzaville
Bamako
Algiers
Prétoria
Tunis
Mogadishu
 
Answer Stats
Answer % Correct
Lagos
59%
Johannesburg
50%
Cairo
45%
Kinshasa
45%
Casablanca
41%
Alexandria
36%
Cape Town
27%
Dar Es Salaam
27%
Nairobi
27%
Khartoum
23%
Luanda
23%
Abidjan
18%
Addis-Ababa
18%
Kano
18%
Abuja
14%
Ouagadougou
9%
Dakar
5%
Douala
5%
Ekurhuleni
5%
Ibadan
5%
Kampala
5%
Port Harcourt
5%
Antananarivo
0%
Kumasi
0%
Yaoundé
0%
No matching quizzes found
Score Distribution
Percent of People with Each Score
Percentile by Number Answered
Your Score History
You have not taken this quiz